| Tag |
First Indicator |
Second Indicator |
Subfields |
| LEADER |
00000cam a2200000 a 4500 |
| 001 |
in00000003048 |
| 005 |
20151007051022.0 |
| 007 |
he bmb024bbca |
| 008 |
990504s1998 vauab bb f000 0 eng d |
| 035 |
|
|
|a (OCoLC)41294170
|
| 035 |
|
|
|9 AJG1559AM
|
| 040 |
|
|
|a DGPO
|c DGPO
|d DLC
|d MvI
|d UtOrBLW
|
| 043 |
|
|
|a n-us-la
|
| 049 |
|
|
|a UDOC
|
| 074 |
|
|
|a 0624-H (MF)
|
| 074 |
|
|
|a 0624-H (online)
|
| 086 |
0 |
|
|a I 19.76:98-36
|
| 245 |
0 |
0 |
|a Carbon storage and late Holocene chronostratigraphy of a Mississippi River deltaic marsh, St. Bernard Parish, Louisiana /
|c Helaine Walsh Markewich, ed.
|
| 264 |
|
1 |
|a [Reston, Va.] :
|b U.S. Geological Survey,
|c [1998]
|
| 300 |
|
|
|a 66 unnumbered leaves :
|b illustrations (some color), maps (some color) ;
|c 28 cm.
|
| 336 |
|
|
|a text
|b txt
|2 rdacontent
|
| 337 |
|
|
|a microform
|b h
|2 rdamedia
|
| 338 |
|
|
|a microfiche
|b he
|2 rdacarrier
|
| 490 |
1 |
|
|a U.S. Geological Survey open-file report ;
|v 98-36
|
| 500 |
|
|
|a Cover title.
|
| 500 |
|
|
|a "First Report: Mississippi Basin Carbon Project Process Studies."
|
| 500 |
|
|
|a Imprint from transmittal sheet.
|
| 500 |
|
|
|a Shipping list number: 99-0365-M (illegible header); 99-0395-M (legible header).
|
| 504 |
|
|
|a Includes bibliographical references (leaves 19-23).
|
| 533 |
|
|
|a Microfiche.
|b [Denver, Colo. :
|c U.S. Geological Survey,
|d 1998?]
|e 1 microfiche : negative.
|n Microfiche reproduction lacks transmittal sheet.
|
| 530 |
|
|
|a Also available via Internet from the USGS web site. Address as of 5/3/99: http://geochange.er.usgs.gov/pub/carbon/OFR98-36/; current access is available via PURL.
|
| 500 |
|
|
|a Microform.
|
| 650 |
|
0 |
|a Carbon cycle (Biogeochemistry)
|z Louisiana
|z Saint Bernard Parish.
|
| 650 |
|
0 |
|a Geology, Stratigraphic
|y Holocene.
|
| 650 |
|
0 |
|a Deltas
|z Louisiana
|z Saint Bernard Parish.
|
| 650 |
|
0 |
|a Drill cores
|z Louisiana
|z Saint Bernard Parish.
|
| 700 |
1 |
|
|a Markewich, Helaine W.
|
| 710 |
2 |
|
|a Geological Survey (U.S.)
|
| 830 |
|
0 |
|a U.S. Geological Survey open-file report ;
|v 98-36.
|
| 856 |
4 |
2 |
|u http://pubs.usgs.gov/products/books/openfile//
|z List of USGS open-file reports by year from which a link may be made to the title desired
|t 0
|
| 999 |
|
|
|a MARS
|
| 999 |
f |
f |
|s 7159a89b-b452-33bb-b2c3-41f499609017
|i e92f2c03-f8f8-355c-ae62-2103c34cf2d3
|t 0
|
| 952 |
f |
f |
|p normal
|a Texas A&M University
|b College Station
|c Sterling C. Evans Library
|d Evans: US Documents Microfiche (3rd floor)
|t 0
|e I 19.76:98-36
|h Superintendent of Documents classification
|i microform -- microfiche
|m A14824487336
|
| 952 |
f |
f |
|a Texas A&M University
|b College Station
|c Electronic Resources
|d Available Online
|t 0
|e I 19.76:98-36
|h Superintendent of Documents classification
|
| 998 |
f |
f |
|a I 19.76:98-36
|t 0
|l Evans: US Documents Microfiche (3rd floor)
|
| 998 |
f |
f |
|a I 19.76:98-36
|t 0
|l Available Online
|